Statistics for Finish Shakespeare's famous Macbeth quotes

Click here to take the quiz!

General Stats

  • This quiz has been taken 696 times
  • The average score is 15 of 24

Answer Stats

HintAnswer% Correct
Fair is foul, foul is _Fair
93%
I have done the _Deed
90%
Is this a dagger which I see before _Me
90%
Sleep no _More
88%
So foul and fair a day I have not _Seen
84%
Something wicked this way _Comes
79%
Out damned _Spot
77%
Be like the serpent _Under't
70%
There's daggers in men's _Smiles
69%
Can the devil speak _True
63%
Blood will have _Blood
62%
My hands are of your _Colour
59%
Our fears do make us _Traitors
58%
The false heart doth _Know
56%
Have we eaten on the insane _Root
54%
Heart so _White
54%
What bloody man is _That
49%
A giant's robe upon a dwarfish _Thief
45%
Paddock _Calls
44%
The valour of my _Tongue
44%
And yet I see thee _Still
37%
Who dares do more is _None
36%
I come _Greymalkin
35%
I'll give thee a _Wind
18%

Score Distribution

Percentile by Number Answered

Percent of People with Each Score

Your Score History

You have not taken this quiz